000 00467nam a2200181 a 4500
001 1760760513680
003 ACL
005 20251018094007.0
008 251018s2009##################000#0#eng##
020 _a9781439809068
082 0 4 _a658.477
_bMAN
100 1 _aManley, Anthony D.,
_eauthor.
245 1 0 _aSecurity Manager's Guide to Disasters :
260 _bCRC Press,
_c2009.
650 0 _aBusiness & Economics.
942 _cENGLISH
040 _aACL
_beng
_cACL
999 _c592188
_d592188